| 000 | 00748nam a2200241 a 4500 | ||
|---|---|---|---|
| 001 | BRL_1803 | ||
| 005 | 20190320211356.0 | ||
| 008 | 040815s1967----nyu#######---#000-0#eng-# | ||
| 041 | _aeng | ||
| 044 | _anyu | ||
| 050 | 4 |
_aNA758 _b.S65 1967 |
|
| 100 | 1 |
_aSmith, Clive Bamford _927909 |
|
| 245 | 1 | 0 |
_aBuilders in the sun _bfive mexican architects _cby Clive Bamford Smith ; foreword by Dr. José Villagrán García. |
| 260 |
_aNew York _bArchitectural Book Publishing _c1967 |
||
| 300 |
_a224 p. _bil. _c28 cm. |
||
| 500 | _aAu1955 | ||
| 500 | _aIncluye indice. | ||
| 650 | 1 | 4 |
_aArquitectos _vBiografía _zMéxico _927910 |
| 650 | 1 | 4 |
_aArquitectura _zMéxico _9596 |
| 700 | 1 |
_aVillagrán García, José _927911 |
|
| 902 | _aGRL | ||
| 942 |
_2lcc _cB |
||
| 999 |
_c10611 _d10611 |
||